|
|
|
|
| LEADER |
00000caa a2200000 c 4500 |
| 001 |
1623651808 |
| 003 |
DE-627 |
| 005 |
20220606131007.0 |
| 007 |
tu |
| 008 |
080718s2008 xx ||||| 00| ||ger c |
| 035 |
|
|
|a (DE-627)1623651808
|
| 035 |
|
|
|a (DE-576)284083496
|
| 035 |
|
|
|a (DE-599)BSZ284083496
|
| 040 |
|
|
|a DE-627
|b ger
|c DE-627
|e rakwb
|
| 041 |
|
|
|a ger
|
| 100 |
1 |
|
|a Kury, Helmut
|4 aut
|
| 245 |
1 |
0 |
|a Zu Kriminalität, Sanktionseinstellung und Sichtweise der Strafverfolgungsorgane in Russland
|c Helmut Kury; Aleksandra Lysova; Nikolay Schitov
|
| 264 |
|
1 |
|c 2008
|
| 336 |
|
|
|a Text
|b txt
|2 rdacontent
|
| 337 |
|
|
|a ohne Hilfsmittel zu benutzen
|b n
|2 rdamedia
|
| 338 |
|
|
|a Band
|b nc
|2 rdacarrier
|
| 700 |
1 |
|
|a Lysova, Aleksandra
|4 aut
|
| 700 |
1 |
|
|a Schitov, Nikolay
|4 aut
|
| 773 |
0 |
8 |
|i In
|t Polizei & Wissenschaft
|d Frankfurt, M. : Verl. für Polizeiwiss., 2000
|g (2008), 2, Seite 2-19
|w (DE-627)320620433
|w (DE-600)2022590-8
|w (DE-576)091170788
|x 1439-7404
|7 nnas
|
| 773 |
1 |
8 |
|g year:2008
|g number:2
|g pages:2-19
|
| 951 |
|
|
|a AR
|
| ELC |
|
|
|b 1
|
| LOK |
|
|
|0 000 xxxxxcx a22 zn 4500
|
| LOK |
|
|
|0 001 325213196X
|
| LOK |
|
|
|0 003 DE-627
|
| LOK |
|
|
|0 004 1623651808
|
| LOK |
|
|
|0 005 20250408103654
|
| LOK |
|
|
|0 008 080718||||||||||||||||ger|||||||
|
| LOK |
|
|
|0 040
|a DE-21-110
|c DE-627
|d DE-21-110
|
| LOK |
|
|
|0 689
|a s
|a Kriminalitätsbelastung
|
| LOK |
|
|
|0 689
|a s
|a Einstellung
|
| LOK |
|
|
|0 689
|a s
|a Polizei
|
| LOK |
|
|
|0 689
|a s
|a Sanktionseinstellung
|
| LOK |
|
|
|0 689
|a s
|a Lebensbedingungen
|
| LOK |
|
|
|0 689
|a s
|a Korruption
|
| LOK |
|
|
|0 689
|a g
|a Russland
|
| LOK |
|
|
|0 852
|a DE-21-110
|
| LOK |
|
|
|0 852 1
|m p
|9 00
|
| LOK |
|
|
|0 935
|a tre1
|
| LOK |
|
|
|0 938
|k p
|
| LOK |
|
|
|0 939
|a 18-07-08
|b l01
|
| ORI |
|
|
|a SA-MARC-krimdoka001.raw
|